Responses for Show #2974 - Thursday, July 3, 1997

Kim Worth game 5.

Contestants

[<< previous game]

Brick Barrientos, an accountant from Gaithersburg, Maryland

Ken Rosenau, an attorney from Washington, D.C.

Kim Worth, a waiter and writer from Venice, California (whose 4-day cash winnings total $64,000)

[next game >>]

Jeopardy! Round responses

1971
ANNUAL EVENTS
ACTORS & ACTRESSES
POTENT POTABLES
WEIGHTS & MEASURES
DUE "SOUTH"
    $100 26
no-fault

Kim
    $100 1
"Buffalo Bill" Cody

Brick
    $100 2
Tom Cruise

Kim
    $100 12
rum

Ken
    $100 21
quarter

Ken
    $100 7
Republic of South Africa

Kim
    $200 27
Jimmy Carter

Ken
    $200 16
Little Big Horn

Kim
    $200 3
Jane Seymour

Brick
    $200 13
vodka

Ken
    $200 22
4

Brick
    $200 8
South Pole

Brick
    $300 28
Bangladesh

Kim
    $300 17
Pennsylvania

Kim
    $300 4
Chicago Hope

Triple Stumper
    $300 14
(Alex: Looks like you found your category!)

sherry

Ken
    $300 23
.50

Ken
    $300 9
South Bend

Kim
    $400 30
William Calley, Jr.

Brick
    $400 18
Passover

Ken
    $400 5
Jim Belushi

Brick
    $400 15
sangria

Brick
    $400 24
speed of sound

Ken
    $400 10
South America

Kim
    $500 29
John Lindsay

Ken
    $900 19
Idaho

Ken
    $500 6
A Passage to India

Brick
    $500 20
(Alex: And you don't drink, do you?)
(Ken: No.)

Kirschwasser

Ken
    $500 25
gallon

Kim
    $500 11
South China Sea

Kim

Scores at the first commercial break (after clue 15):

Kim Ken Brick
$1,400 $600 $1,800

Scores at the end of the Jeopardy! Round:

Kim Ken Brick
$2,800 $3,900 $2,400

Double Jeopardy! Round responses

HISTORIC GEOGRAPHY
BUSINESS & INDUSTRY
SCULPTURE
COUNTRY SINGERS
ROCKS & MINERALS
BRITISH AUTHORS
    $200 2
Manhattan

Kim
    $200 1
Hallmark

Kim
    $200 7
Pablo Picasso

Kim
    $200 24
Willie Nelson

Ken
    $200 16
agate

Kim
    $200 21
George Orwell

Ken
    $400 3
Galapagos Islands

Ken
    $400 12
(Ken: Who is Sealy?)
...
(Alex: Sealy is the Posturepedic; [*] is the Beautyrest.)

Simmons

Ken
Triple Stumper
    $400 8
Stone Mountain

Kim
    $400 27
"Slim"

Kim
    $400 17
salt

Ken
    $400 22
Jackie Collins

Brick
    $600 4
Palatine Hill

Triple Stumper
    $2,000 13
Goodyear

Brick
    $1,200 9
Venus de Milo (Aphrodite of Melos)

Kim
    $600 28
Brown

Kim
    $600 18
turquoise

Ken
    $600 23
John le Carré

Kim
    $800 5
Hellespont

Ken
    $800 14
U.S. Steel

Kim
    $800 10
Auguste Rodin

Ken
    $800 30
Wings

Brick
    $800 19
(Kim: What is... oh, black mineral, talc?)

graphite

KimBrick
    $800 25
Saki

Ken
    $1000 6
Matsu

Ken
    $1000 15
(Ken: What is Dole?)

Del Monte

KenBrick
    $1000 11
Henry Moore

Brick
    $1000 29
Tanya Tucker

Brick
    $1000 20
(Ken: What is calcium carbonate?)
(Kim: What is calcium chloride?)

gypsum (calcium sulfate)

KimKenBrick
    $1000 26
Daphne du Maurier

Brick

Scores at the end of the Double Jeopardy! Round:

Kim Ken Brick
$5,800 $6,700 $11,400

[wagering suggestions for these scores]

Final Jeopardy! Round responses

MEDICINE
[ALS: Amyotrophic lateral sclerosis, aka Lou Gehrig's disease]
(Alex: Be thankful, gentlemen, that we didn't ask you to come up with a scientific name for this disease!)
KimWho was Huntington?
$4,200
KenWho is Lou Gehrig
$6,695
BrickWho was Lou Gehrig?
$2,600
Lou Gehrig

Final scores:

Kim Ken Brick
$1,600 $13,395 $14,000
3rd place: Oneida Silversmiths Gift Certificate 2nd place: Zenith 35" Big Screen Television & Dynamark Home Security System New champion: $14,000

Game dynamics:

Coryat scores:

Kim Ken Brick
$5,200 $6,300 $10,000
20 R
(including 1 DD),
2 W
20 R
(including 1 DD),
3 W
17 R
(including 1 DD),
0 W

Combined Coryat: $21,500

[game clues] [game scores] [suggest correction]

Game tape date: 1997-02-11
The J! Archive is created by fans, for fans. Scraping, republication, monetization, and malicious use prohibited; this site may use cookies and collect identifying information. See terms. The Jeopardy! game show and all elements thereof, including but not limited to copyright and trademark thereto, are the property of Jeopardy Productions, Inc. and are protected under law. This website is not affiliated with, sponsored by, or operated by Jeopardy Productions, Inc. Join the discussion at JBoard.tv.